Tilastot visalle Turun ja porin läänin kunnat 1935

Klikkaa tästä pelataksesi tätä visaa!

Yleistilastot

  • Tätä visaa on pelattu 205 kertaa
  • Keskiarvotulos 86 / 118

Vastaustilastot

Kunnat% Oikein
Pori
97%
Turku
96%
Eura
94%
Eurajoki
94%
Rauma
94%
Aura
93%
Masku
93%
Naantali
93%
Lieto
91%
Noormarkku
91%
Säkylä
91%
Salo
91%
Ulvila
91%
Kaarina
90%
Kustavi
90%
Parainen
90%
Pomarkku
90%
Huittinen
88%
Kankaanpää
88%
Paimio
88%
Pöytyä
88%
Pyhäranta
88%
Siikainen
88%
Karvia
87%
Laitila
87%
Loimaa
87%
Uusikaupunki
87%
Kokemäki
85%
Koski Tl
85%
Luvia
85%
Marttila
85%
Mynämäki
85%
Raisio
85%
Sauvo
85%
Harjavalta
84%
Kemiö
84%
Merikarvia
84%
Taivassalo
84%
Jämijärvi
82%
Nakkila
82%
Nousiainen
82%
Rusko
82%
Vehmaa
82%
Köyliö
79%
Lappi
79%
Lavia
79%
Nauvo
79%
Alastaro
78%
Porin mlk
78%
Rauman mlk
78%
Ahlainen
75%
Merimasku
75%
Oripää
75%
Piikkiö
75%
Askainen
74%
Maaria
74%
Perniö
74%
Rymättylä
74%
Halikko
72%
Houtskari
72%
Ikaalinen
72%
Vammala
72%
Kiikka
71%
Paattinen
71%
Yläne
71%
Kakskerta
69%
Korppoo
69%
Hinnerjoki
68%
Lemu
68%
Naantalin mlk
68%
Tarvasjoki
68%
Vampula
68%
Dragsfjärd
66%
Iniö
66%
Keikyä
66%
Kiukainen
66%
Mietoinen
66%
Uudenkaupungin mlk
66%
Hämeenkyrö
65%
Loimaan mlk
65%
Karkku
63%
Kisko
63%
Kodisjoki
63%
Mellilä
63%
Pertteli
63%
Honkilahti
62%
Kihniö
62%
Kullaa
62%
Metsämaa
62%
Parkano
62%
Angelniemi
60%
Ikaalisten mlk
60%
Karjala
60%
Kiikoinen
60%
Punkalaidun
60%
Pyhämaa
60%
Särkisalo
60%
Uskela
60%
Vahto
60%
Velkua
60%
Hiittinen
59%
Karinainen
59%
Karuna
59%
Kiikala
59%
Suomusjärvi
59%
Kuusisto
57%
Lokalahti
57%
Muurla
57%
Kauvatsa
56%
Kuusjoki
56%
Mouhijärvi
54%
Tyrvää
54%
Vestanfjärd
54%
Suodenniemi
53%
Uusikirkko Tl
50%
Viljakkala
49%
Hongonjoki
43%
Suoniemi
41%

Tulosjakauma

Persentiili vastausten määrän mukaan

Jokaisen tuloksen saaneiden osuus

Tuloshistoriasi

Et ole pelannut tätä visaa